YouTube Poop Terms - Statistics

General Stats
  • This quiz has been taken 177 times
  • The average score is 7 of 26
Answer Stats
Hint Answer % Correct
Because YouTube is where the ____ is Poop
75%
When you get trolled by Rick Astley... Rickroll
58%
THIS. IS. _____ SPARTA
43%
I wonder what's for _____? Dinner
42%
Poptart feline that flies through space Nyan Cat
39%
IMA FIRIN MAH ______ LAZER
38%
I hope she made lotsa ______ Spaghetti
36%
Bootleg Sonic the Hedgehog Sanic
35%
Lamp oil, rope, _____? Bombs
33%
Vegeta, what does the scanner say about his power level? IT'S OVER 9000!
31%
Snoo______ usual, I see PINGAS
25%
Classic two words said in Smosh intro SHUT UP
24%
Gee, it sure is _____ around here Boring
22%
What nationality is the kid who breaks his keyboard? German
22%
Who says "U mad bro?" Troll Face
22%
What does Yoshi initially refer to Luigi as in the titular episode of the Super Mario World cartoon? Mama Luigi
19%
Who is the virus that takes on the form of Luigi? Weegee
19%
6 letter word frequently said by the Heavy Weapons Guy Pootis
17%
English author known for his stories on YouTube Michael Rosen
14%
Hey you! Get off of my ____ Cloud
11%
Who says "But I'm not done yet!" Billy Mays
10%
Nice ____ you've got there, can I have it? Computer
10%
YouTube Poop, where there's smoke..... They pinch back
10%
Classic YouTube figure known for his outbursts, swearing, and "Bob Saget" Tourettes Guy
10%
Squidward, the sky had a ________ Pokemon
8%
Where's the princess?: Over there!
7%
No matching quizzes found
Score Distribution
Percent of People with Each Score
Percentile by Number Answered
Your Score History
You have not taken this quiz